Genetics of populations

Αποθηκεύτηκε σε:
Λεπτομέρειες βιβλιογραφικής εγγραφής
Κύριος συγγραφέας: Hedrick, Philip W. 1942-
Μορφή: Βιβλίο
Γλώσσα:English
Δημοσίευση: Boston : Jones and Bartlett, 1983
Θέματα:
Ετικέτες: Προσθήκη ετικέτας
Δεν υπάρχουν, Καταχωρήστε ετικέτα πρώτοι!

MARC

LEADER 00000nam a2200000 i 4500
001 1/5961
008 960619s1983 eng d
020 |a 0-86720-011-1 
035 |l 10016189 
040 |a GR-MY-UA  |b gre  |e aacr 
041 0 |a eng 
082 0 |a 575.15 
100 1 |a Hedrick, Philip W.  |d 1942- 
245 1 0 |a Genetics of populations /  |c Philip W. Hedrick 
260 |a Boston :   |b Jones and Bartlett,   |c 1983 
300 |a 630 p.  |b tables; fig. 
504 |a Includes bibliographical references and index. 
650 0 0 |a Population genetics. 
852 |a INST  |b LESVOS  |e 19960619  |h 575.15 HED  |p 005100005594  |q 005100005594  |t BK  |y 0 
909 |a Λ  |b 018710